| 000 -LEADER |
| fixed length control field |
00620nam a2200205Ia 4500 |
| 001 - CONTROL NUMBER |
| control field |
13188 |
| 003 - CONTROL NUMBER IDENTIFIER |
| control field |
GE_BSU |
| 008 - FIXED-LENGTH DATA ELEMENTS--GENERAL INFORMATION |
| fixed length control field |
181216s||||||||xx |||||||||||||| ||und|| |
| 040 ## - CATALOGING SOURCE |
| Transcribing agency |
GE_BSU |
| 080 ## - UNIVERSAL DECIMAL CLASSIFICATION NUMBER |
| Universal Decimal Classification number |
633.7 |
| 100 ## - MAIN ENTRY--PERSONAL NAME |
| Personal name |
Бокучава, М.А. |
| 245 ## - TITLE STATEMENT |
| Title |
Биохимия чая и чайного производства |
| 245 ## - TITLE STATEMENT |
| Statement of responsibility, etc. |
Отв.ред.А.И.Опарин |
| 260 ## - PUBLICATION, DISTRIBUTION, ETC. |
| Place of publication, distribution, etc. |
Москва |
| 260 ## - PUBLICATION, DISTRIBUTION, ETC. |
| Name of publisher, distributor, etc. |
Изд-во АНСССР |
| 300 ## - PHYSICAL DESCRIPTION |
| Extent |
588стр.илл.22см. |
| 300 ## - PHYSICAL DESCRIPTION |
| Dimensions |
Библиогр.с.557-576 |
| 653 ## - INDEX TERM--UNCONTROLLED |
| Uncontrolled term |
Биохимия чая и чайного производства |
| 942 ## - ADDED ENTRY ELEMENTS (KOHA) |
| Koha item type |
წიგნი |